[Event "Gelsenkirchen Koenigsspringer op"]
[Site "Gelsenkirchen"]
[Date "2019.12.27"]
[Round "2"]
[White "Benning, Martin"]
[Black "Meiler, Wolfgang"]
[Result "1-0"]
[WhiteElo "1698"]
[BlackElo "1209"]
[PlyCount "68"]
[EventDate "2019.12.27"]
[EventType "swiss"]
[EventRounds "7"]
[EventCountry "GER"]
[SourceTitle "CBM 194 Extra"]
[Source "ChessBase"]
[SourceDate "2020.03.31"]
[SourceVersion "1"]
[SourceVersionDate "2020.03.31"]
[SourceQuality "1"]

1. e3 c5 2. Nf3 d6 3. c4 Nf6 4. Nc3 e6 5. d4 cxd4 6. exd4 Be7 7. Bd3 a6 8. 0-0 Qc7 9. a3 b6 10. Bg5 Nbd7 11. Rc1 0-0 12. Re1 Re8 13. b4 Bb7 14. h3 Rac8 15. Bf4 Qd8 16. Ne4 Nxe4 17. Bxe4 d5 18. cxd5 exd5 19. Bd3 Nf6 20. Rxc8 Qxc8 21. Qb1 Ne4 22. Rc1 Qe6 23. Rc7 Bc8 24. Qc2 Bd6 25. Bxd6 Nxd6 26. Bxh7+ Kh8 27. Bd3 Qh6 28. Ne5 g6 29. Nxf7+ Nxf7 30. Rxc8 Rxc8 31. Qxc8+ Kg7 32. Qc6 b5 33. Be2 Qg5 34. Bf3 Nh6 1-0

[Event "Gelsenkirchen Silvester op 6th"]
[Site "Gelsenkirchen"]
[Date "2018.12.27"]
[Round "2"]
[White "Mamikonyan, Davit"]
[Black "Meiler, Wolfgang"]
[Result "1-0"]
[WhiteElo "1940"]
[BlackElo "1225"]
[PlyCount "53"]
[EventDate "2018.12.27"]
[EventType "swiss"]
[EventRounds "7"]
[EventCountry "GER"]
[SourceTitle "CBM 188 Extra"]
[Source "ChessBase"]
[SourceDate "2019.02.26"]
[SourceVersion "1"]
[SourceVersionDate "2019.02.26"]
[SourceQuality "1"]

1. c4 c5 2. Nc3 e6 3. e4 d6 4. g3 Nf6 5. Bg2 Nbd7 6. Nge2 Be7 7. b3 Rb8 8. 0-0 a6 9. a4 b6 10. Bb2 0-0 11. d4 Bb7 12. d5 exd5 13. exd5 Re8 14. Qc2 Ne5 15. f4 Neg4 16. Rf3 Kf8 17. h3 Nh6 18. g4 Nhg8 19. g5 Nh5 20. Qxh7 g6 21. f5 Bxg5 22. fxg6 Be3+ 23. Rxe3 fxg6 24. Rf1+ Ngf6 25. Ne4 Re7 26. Qh8+ Kf7 27. Ng5# 1-0

[Event "Gelsenkirchen Silvester op 5th"]
[Site "Gelsenkirchen"]
[Date "2017.12.29"]
[Round "4"]
[White "Meiler, Wolfgang"]
[Black "Lazarev, Daniel"]
[Result "1-0"]
[WhiteElo "997"]
[BlackElo "873"]
[PlyCount "145"]
[EventDate "2017.12.27"]
[EventType "swiss"]
[EventRounds "5"]
[EventCountry "GER"]
[SourceTitle "CBM 182 Extra"]
[Source "ChessBase"]
[SourceDate "2018.02.23"]
[SourceVersion "1"]
[SourceVersionDate "2018.02.23"]
[SourceQuality "1"]

1. e4 e5 2. Nf3 Nc6 3. d4 exd4 4. Nxd4 Nxd4 5. Qxd4 Ne7 6. Qe3 Nc6 7. c3 Be7 8. Nd2 0-0 9. Bd3 d6 10. 0-0 Bg5 11. Qe2 Be6 12. b3 Qf6 13. Bb2 Rad8 14. Nf3 Bg4 15. Rfe1 Ne5 16. c4 Rde8 17. h3 Bxf3 18. gxf3 Nxf3+ 19. Kh1 Nxe1 20. Bxf6 Bxf6 21. Rxe1 Bc3 22. Rg1 Re5 23. Qg4 g6 24. f4 Re6 25. f5 Re7 26. Qg5 Ree8 27. fxg6 fxg6 28. Qh6 Bd4 29. Rg2 Bg7 30. Qg5 Bf6 31. Qd5+ Rf7 32. Qxb7 Bd4 33. Qd5 Bf6 34. Qb5 Ree7 35. Qb8+ Rf8 36. Qxa7 c6 37. Qb6 Rc8 38. Qf2 Kg7 39. h4 c5 40. h5 Bd4 41. Qh4 Rf7 42. e5 Bxe5 43. hxg6 hxg6 44. Rxg6+ Kf8 45. Qh6+ Bg7 46. Qh3 Ra8 47. a4 Rb8 48. Bc2 Re7 49. Qf3+ Rf7 50. Qd3 Rf2 51. Qxd6+ Kf7 52. Qxb8 Rxc2 53. Qg3 Rc1+ 54. Kg2 Rc2+ 55. Kf1 Rc1+ 56. Kg2 Bd4 57. Rg4 Rg1+ 58. Kf3 Rxg3+ 59. Rxg3 Be5 60. Rg5 Kf6 61. Rg8 Kf7 62. Rc8 Bd6 63. Ra8 Ke7 64. Ra7+ Kd8 65. a5 Kc8 66. a6 Kb8 67. Rh7 Ka8 68. Ke4 Kb8 69. Kd5 Bf8 70. Kc6 Ka8 71. Kb6 Kb8 72. Rh8 Ka8 73. Rxf8# 1-0

[Event "Gelsenkirchen Silvester op 5th"]
[Site "Gelsenkirchen"]
[Date "2017.12.28"]
[Round "3"]
[White "Spreer, Lutz"]
[Black "Meiler, Wolfgang"]
[Result "1-0"]
[WhiteElo "1635"]
[BlackElo "997"]
[PlyCount "65"]
[EventDate "2017.12.27"]
[EventType "swiss"]
[EventRounds "5"]
[EventCountry "GER"]
[SourceTitle "CBM 182 Extra"]
[Source "ChessBase"]
[SourceDate "2018.02.23"]
[SourceVersion "1"]
[SourceVersionDate "2018.02.23"]
[SourceQuality "1"]

1. e4 c5 2. Nc3 d6 3. f4 a6 4. Nf3 Qc7 5. d4 cxd4 6. Nxd4 e6 7. a4 Nf6 8. g3 g6 9. Bg2 Ra7 10. Be3 b6 11. 0-0 Bb7 12. Ndb5 axb5 13. Nxb5 Qd7 14. Nxa7 Ba6 15. Nb5 Bg7 16. Qxd6 Nc6 17. Nc7+ Kd8 18. Qxd7+ Kxd7 19. Nxa6 Ra8 20. e5 Ng4 21. Rfd1+ Kc8 22. Bxc6 Rxa6 23. Bb5 Ra8 24. Bxb6 Kb7 25. Bc5 Rc8 26. Rd7+ Kb8 27. Bd6+ Ka8 28. Ba6 Rc6 29. Bb7+ Ka7 30. Bxc6+ Kb6 31. Rc7 Ne3 32. a5+ Ka6 33. Bc5 1-0